| 000 -LEADER |
| fixed length control field |
01235 a2200253 4500 |
| 003 - CONTROL NUMBER IDENTIFIER |
| control field |
Nust |
| 005 - DATE AND TIME OF LATEST TRANSACTION |
| control field |
20170207154018.0 |
| 010 ## - LIBRARY OF CONGRESS CONTROL NUMBER |
| LC control number |
2001026945 |
| 020 ## - INTERNATIONAL STANDARD BOOK NUMBER |
| International Standard Book Number |
0471417777 (cloth : alk. paper) |
| 040 ## - CATALOGING SOURCE |
| Transcribing agency |
Nust |
| 082 00 - DEWEY DECIMAL CLASSIFICATION NUMBER |
| Classification number |
621.39/5 |
| 100 1# - MAIN ENTRY--PERSONAL NAME |
| Personal name |
Kuo, James B., |
| 245 10 - TITLE STATEMENT |
| Title |
Low-voltage SOI CMOS VLSI devices and circuits-(E-BOOK) |
| Statement of responsibility, etc. |
James B. Kuo, Shih-Chia Lin. |
| 260 ## - PUBLICATION, DISTRIBUTION, ETC. |
| Place of publication, distribution, etc. |
New York : |
| Name of publisher, distributor, etc. |
Wiley, |
| Date of publication, distribution, etc. |
c2001. |
| 300 ## - PHYSICAL DESCRIPTION |
| Extent |
xiv, 407 p. : |
| Other physical details |
ill. ; |
| Dimensions |
25 cm. |
| 505 ## - FORMATTED CONTENTS NOTE |
| Formatted contents note |
1 Introduction (Page-1) 2 SOI CMOS Devices-Part I (Page-13) 3 SOI C’OS Devices-Part II (Page-129) 4 Fundamentals of SOI CMOS Circuits (Page-213) 5 SOI CMOS Digital Circuits(Page- 269) 6 SOI CMOS Analog Circuits (Page-333) 7 PD SOI-Technology SPICE Models (Page-377) |
| 650 #0 - SUBJECT ADDED ENTRY--TOPICAL TERM |
| Topical term or geographic name entry element |
Integrated circuits |
| General subdivision |
Very large scale integration. |
| 650 #0 - SUBJECT ADDED ENTRY--TOPICAL TERM |
| Topical term or geographic name entry element |
Low voltage integrated circuits. |
| 650 #0 - SUBJECT ADDED ENTRY--TOPICAL TERM |
| Topical term or geographic name entry element |
Metal oxide semiconductors, Complementary. |
| 700 1# - ADDED ENTRY--PERSONAL NAME |
| Personal name |
Lin, Shih-Chia. |
| 856 42 - ELECTRONIC LOCATION AND ACCESS |
| Materials specified |
Contributor biographical information |
| Uniform Resource Identifier |
<a href="http://www.loc.gov/catdir/bios/wiley043/2001026945.html">http://www.loc.gov/catdir/bios/wiley043/2001026945.html</a> |
| 856 42 - ELECTRONIC LOCATION AND ACCESS |
| Materials specified |
Publisher description |
| Uniform Resource Identifier |
<a href="http://www.loc.gov/catdir/description/wiley035/2001026945.html">http://www.loc.gov/catdir/description/wiley035/2001026945.html</a> |
| 856 42 - ELECTRONIC LOCATION AND ACCESS |
| Materials specified |
Table of Contents |
| Uniform Resource Identifier |
<a href="http://www.loc.gov/catdir/toc/onix06/2001026945.html">http://www.loc.gov/catdir/toc/onix06/2001026945.html</a> |
| 942 ## - ADDED ENTRY ELEMENTS (KOHA) |
| Source of classification or shelving scheme |
|
| Koha item type |
Book |